| 000 | 01372cam a2200373 a 4500 | ||
|---|---|---|---|
| 001 | 12354860 | ||
| 003 | OSt | ||
| 005 | 20140310184436.0 | ||
| 008 | 010322s2001 nyua c 001 0 eng | ||
| 010 | _a 2001020936 | ||
| 020 | _a043926040X | ||
| 020 | _a0439314577 | ||
| 040 |
_aDLC _cDLC _dDLC |
||
| 042 | _alcac | ||
| 050 | 0 | 0 |
_aAG 243 _b.P24 2001 |
| 100 | 1 |
_aPackard, Mary. _96565 |
|
| 245 | 1 | 0 |
_aRipley's believe it or not! : _cMary Packard and the editors of Ripley Entertainment ; illustrations by Leanne Franson. _bcreepy stuff / |
| 246 | 3 | 0 | _aBelieve it or not! |
| 250 | _aSpecial ed. | ||
| 260 |
_aNew York : _bScholastic, _c2001. |
||
| 300 |
_a143 p. : _bill. (some col.) ; _c26 cm. |
||
| 500 | _aIncludes index. | ||
| 521 | _aG9 | ||
| 526 | _c1100 | ||
| 650 | 0 |
_aCuriosities and wonders _vJuvenile literature. _927222 |
|
| 650 | 1 |
_aCuriosities and wonders. _921910 |
|
| 700 | 1 |
_aFranson, Leanne, _eill. _927223 |
|
| 710 | 2 |
_aRipley Entertainment, Inc. _927224 |
|
| 906 |
_a7 _bcbc _corignew _d1 _eocip _f20 _gy-gencatlg |
||
| 942 |
_2lcc _cBK-SCHOLAS |
||
| 999 |
_c34396 _d34396 |
||